<?xml version="1.0" encoding="UTF-8"?>
<marc:record xmlns:marc="http://www.loc.gov/MARC21/slim">
   <marc:leader>00000nam a2200000 a 4500</marc:leader>
   <marc:datafield ind1="1" ind2=" " tag="100">
      <marc:subfield code="a">Osterloh, Tineke</marc:subfield>
      <marc:subfield code="4">aut</marc:subfield>
      <marc:subfield code="e">Verfasser/-in</marc:subfield>
   </marc:datafield>
   <marc:datafield ind1=" " ind2=" " tag="653">
      <marc:subfield code="a">Veränderung veränderungscoaching coaching training motivation veränderungsprozesse buch bücher gu</marc:subfield>
   </marc:datafield>
   <marc:datafield ind1=" " ind2=" " tag="653">
      <marc:subfield code="a">beratung persönlichkeitsentwicklung couching selbstmanagement selbstmotivation lebensfreude veränderungen</marc:subfield>
   </marc:datafield>
   <marc:datafield ind1=" " ind2=" " tag="653">
      <marc:subfield code="a">change management berufliche neuorientierung selbstsicherheit mental training blockaden lösen</marc:subfield>
   </marc:datafield>
   <marc:datafield ind1=" " ind2=" " tag="653">
      <marc:subfield code="a">mentalcoaching persönlichkeitstraining mentaltraining übungen veränderungsmanagement</marc:subfield>
   </marc:datafield>
   <marc:datafield ind1=" " ind2=" " tag="653">
      <marc:subfield code="a">selbstcoaching lebensveränderung veränderung im leben lebensziele definieren perspektivenwechsel übungen</marc:subfield>
   </marc:datafield>
   <marc:datafield ind1=" " ind2=" " tag="653">
      <marc:subfield code="a">Softcover / Ratgeber/Lebenshilfe</marc:subfield>
   </marc:datafield>
   <marc:datafield ind1=" " ind2=" " tag="653">
      <marc:subfield code="a">Alltag/Lebensführung</marc:subfield>
   </marc:datafield>
   <marc:datafield ind1=" " ind2=" " tag="653">
      <marc:subfield code="a">Persönliche Entwicklung</marc:subfield>
   </marc:datafield>
   <marc:datafield ind1=" " ind2=" " tag="653">
      <marc:subfield code="a">Ratgeber</marc:subfield>
   </marc:datafield>
   <marc:datafield ind1="0" ind2="0" tag="245">
      <marc:subfield code="a">Stark im Wandel</marc:subfield>
   </marc:datafield>
   <marc:datafield ind1="0" ind2="0" tag="245">
      <marc:subfield code="b">Lebensveränderungen annehmen und aktiv gestalten</marc:subfield>
   </marc:datafield>
   <marc:datafield ind1="0" ind2="0" tag="245">
      <marc:subfield code="c">Tineke Osterloh</marc:subfield>
   </marc:datafield>
   <marc:datafield ind1=" " ind2="1" tag="264">
      <marc:subfield code="a">München</marc:subfield>
      <marc:subfield code="b">Gräfe und Unzer Verlag GmbH</marc:subfield>
      <marc:subfield code="c">2017</marc:subfield>
   </marc:datafield>
   <marc:datafield ind1="1" ind2=" " tag="490">
      <marc:subfield code="a">Mind &amp; soul</marc:subfield>
   </marc:datafield>
   <marc:datafield ind1=" " ind2=" " tag="250">
      <marc:subfield code="a">1. Auflage</marc:subfield>
   </marc:datafield>
   <marc:datafield ind1="1" ind2=" " tag="520">
      <marc:subfield code="a">Angaben aus der Verlagsmeldung

Stark im Wandel (mit CD) : Lebensveränderungen annehmen und aktiv gestalten / von Tineke Osterloh

Erst der Wandel macht das Leben intensiv und lebenswert. Doch oft fühlt es sich anders an, und wir wehren uns vehement Veränderungen, obwohl alle Zeichen auf Loslassen und Neubeginn stehen. Oder wir würden gerne etwas verändern, wissen aber nicht, wie wir es angehen sollen. Der Ratgeber beantwortet Fragen wie: Wie finde ich kreative Stärke und Leichtigkeit im Umgang mit Veränderungen? Wie gehe ich achtsam mit Hoffnungen und Befürchtungen um? Die Autorin beleuchtet den Prozess des Wandels aus buddhistischer Perspektive. Die Dinge anzunehmen, wie sie sind und loszulassen, ist dabei ebenso wichtig wie die Fähigkeit zum Selbstmitgefühl. Mit Ansätzen aus Psychotherapie und Coaching unterstützt der Ratgeber die Leser bei der Planung und Gestaltung ihres Lebens. Es geht darum, die Ängste, die oft mit Veränderungen einhergehen, feinfühlig wahrzunehmen und Mut zu entwickeln für Neues. Angeleitete Meditationen auf CD unterstützen die Leser in den unterschiedlichen Phasen der Veränderung.
</marc:subfield>
   </marc:datafield>
   <marc:datafield ind1=" " ind2=" " tag="020">
      <marc:subfield code="a">9783833852466</marc:subfield>
      <marc:subfield code="9">9783833852466</marc:subfield>
   </marc:datafield>
   <marc:datafield ind1=" " ind2=" " tag="020">
      <marc:subfield code="a">3833852461</marc:subfield>
      <marc:subfield code="9">3833852461</marc:subfield>
   </marc:datafield>
   <marc:datafield ind1=" " ind2=" " tag="041">
      <marc:subfield code="a">ger</marc:subfield>
   </marc:datafield>
   <marc:datafield ind1=" " ind2=" " tag="300">
      <marc:subfield code="a">160 Seiten</marc:subfield>
   </marc:datafield>
</marc:record>
